Kahului Airport Destinations (Kahului, HI, USA) - Statistics

General Stats
  • This quiz has been taken 102 times
    22 since last reset
  • The average score is 21 of 29
Answer Stats
Airline Destination % Correct
Delta Air Lines Atlanta
100%
Alaska Airlines San Diego
100%
Alaska Airlines Anchorage
94%
American Airlines Dallas/Fort Worth
94%
United Airlines Denver
94%
Hawaiian Airlines/Southwest Airlines Honolulu
94%
Hawaiian Airlines/Southwest Airlines Las Vegas
94%
American Airlines/Delta Air Lines/Hawaiian Airlines/Southwest Airlines/United Airlines Los Angeles
94%
American Airlines/Southwest Airlines Phoenix (Sky Harbor)
94%
Alaska Airlines Portland (OR)
94%
Hawaiian Airlines/United Airlines San Francisco
94%
United Airlines Chicago (O'Hare)
89%
Delta Air Lines Salt Lake City
89%
Hawaiian Airlines/Southwest Airlines San Jose (CA)
89%
Alaska Airlines/Delta Air Lines/Hawaiian Airlines Seattle/Tacoma
89%
Air Canada/WestJet Vancouver
89%
WestJet Calgary
67%
WestJet Edmonton
67%
Hawaiian Airlines/Southwest Airlines Oakland
67%
Hawaiian Airlines/Southwest Airlines Sacramento
67%
Hawaiian Airlines Hilo
61%
Hawaiian Airlines/Southwest Airlines Long Beach
61%
Hawaiian Airlines/Southwest Airlines Lihue
56%
Hawaiian Airlines/Southwest Airlines Kailua-Kona
33%
Mokulele Airlines Molokai
33%
Mokulele Airlines Kona
28%
Mokulele Airlines Lanai
28%
Mokulele Airlines Hana
17%
Mokulele Airlines Waimea
17%
No matching quizzes found
Score Distribution
Percent of People with Each Score
Percentile by Number Answered
Your Score History
You have not taken this quiz since the last reset